Borderlands 2 Legendary Weapons - Statistics

General Stats
  • This quiz has been taken 1,725 times
    1,724 since last reset
  • The average score is 30 of 58
Answer Stats
Boss Dropped From Answer % Correct
Doc Mercy Infinity
83%
Savage Lee Unkempt Harold
81%
The Warrior Conference Call
80%
Hunter Hellquist The Bee
80%
Knuckledragger Hornet
78%
Mick Zafford Maggie
78%
Bunker (BNK3R) The Sham
78%
Bunker (BNK3R) Bitch
76%
Boll Fastball
76%
Wilhelm Logan's Gun
72%
Jimbo and Tector Hodunk Slagga
72%
King Mong Badaboom
69%
Boom & Bewm Bonus Package
69%
Gettle Lyuda/White Death
69%
Scorch Hellfire
66%
Vermivouris the Invincible Norfleet
65%
The Warrior Volcano
64%
Black Queen Nukem
62%
Midgemong KerBlaster
59%
Mobley/The Warrior Veruc
59%
Laney White Gub
58%
Badass Creeper Longbow
56%
Any of the Assassins in Southpaw Steam & Power Emperor
55%
Wilhelm Rolling Thunder
55%
Captain Flynt/The Warrior Thunderball Fists
54%
The Warrior Flakker
52%
Madame von Bartleby/Mad Dog Baby Maker
51%
Rakk Man Gunerang
51%
Rat Brothers, Dan, Ralph, etc Storm Front
51%
Saturn Invader
50%
Son of Mothrakk Skullmasher
49%
Old Slappy Striker
49%
Incinerator Clayton Pyrophobia
48%
Chubby Enemies Bunny
46%
Pimon The Transformer
46%
Foreman in Opportunity Black Hole
45%
Tumbaa Deliverance
45%
McNally Hammer Buster
45%
Terramorphus Hide of Terramorphus
41%
The Warrior Impaler
41%
Dukino's Mum Mongol
41%
Terramorphus Pitchfork
41%
Ultimate Badass Varkid Quasar
41%
Mission Reward Flame of the Firehawk
40%
The Warrior Leech
40%
Mortar Pandemic
40%
Smash Head Sledge's Shotgun
37%
Blue Fabled Tortoise
34%
Henry The Cradle
29%
Terramorphus Blood of Terramorphus
28%
Chubby Enemies Whiskey Tango Foxtrot
28%
Unknown Fire Bee
26%
Vermivouris the Invincible Nasty Surprise
26%
Unknown Madhouse!
25%
Spycho Neogenator
25%
Unknown Shredifier
20%
Terramorphus Slayer of Terramorphus
20%
Any Loot Midgets Bouncing Bonnie
18%
No matching quizzes found
Score Distribution
Percent of People with Each Score
Percentile by Number Answered
Your Score History
You have not taken this quiz since the last reset